Experimental investigation on behaviors and heat transfer in shear-driven liquid film flow; Interfacial Phenomena and Heat Transfer; Vol. 3, iss. 3

Dettagli Bibliografici
Parent link:Interfacial Phenomena and Heat Transfer
Vol. 3, iss. 3.— 2015.— [P. 303-317]
Autore principale: Hirokawa T. Tomoki
Ente Autore: Национальный исследовательский Томский политехнический университет Энергетический институт Кафедра теоретической и промышленной теплотехники
Altri autori: Ohta H. Haruhiko, Kabov O. A. Oleg Aleksandrovich
Riassunto:Title screen
Experimental investigation on heat transfer characteristics of shear-driven liquid film in co-current gas flow is presented at different heat fluxes up to 300 kW/m2, gas Reynolds numbers up to 3175, liquid film Reynolds numbers of 27.6 ? 75.7 and inlet liquid temperatures of 25, 40, and 80° C. Water and nitrogen are used as test liquid and gas, respectively. The heated section is a rectangular duct with 30 mm in width and 5 mm in height. The heated length is 100 mm divided into 10 segments in the flow direction by the structure of thermally insulated, which makes possible the evaluation of local heat transfer coefficients. The unexpected initiation of liquid film rupture at the upstream edge of heated section is observed under some combinations of heat fluxes and inlet liquid temperatures. In addition, the decrease in the width of dry area towards the downstream is observed with increasing interfacial temperature. The local heat transfer coefficient is increased towards the downstream because of the reduction of liquid film thickness by the enhanced interfacial shear stress exerted by the increased gas flow rate due to the evaporation, while it is decreased by the extension of dry area with increasing gas Reynolds number. A simple analysis for the interfacial force balance of the shear stresses in liquid and gas phases and the thermocapillary stress is performed to confirm the importance of thermocapillary force on the behaviors of liquid film. The variation of surface tension with temperature plays an important role in the liquid film behaviors and the corresponding heat transfer.
Lingua:inglese
Pubblicazione: 2015
Soggetti:
Accesso online:http://dx.doi.org/10.1615/InterfacPhenomHeatTransfer.2016015813
Natura: Elettronico Capitolo di libro
KOHA link:https://koha.lib.tpu.ru/cgi-bin/koha/opac-detail.pl?biblionumber=649322

MARC

LEADER 00000naa0a2200000 4500
001 649322
005 20250304114604.0
035 |a (RuTPU)RU\TPU\network\14484 
090 |a 649322 
100 |a 20160630d2015 k||y0rusy50 ba 
101 0 |a eng 
135 |a drcn ---uucaa 
181 0 |a i  
182 0 |a b 
200 1 |a Experimental investigation on behaviors and heat transfer in shear-driven liquid film flow  |f T. Hirokawa, H. Ohta, O. A. Kabov 
203 |a Text  |c electronic 
300 |a Title screen 
330 |a Experimental investigation on heat transfer characteristics of shear-driven liquid film in co-current gas flow is presented at different heat fluxes up to 300 kW/m2, gas Reynolds numbers up to 3175, liquid film Reynolds numbers of 27.6 ? 75.7 and inlet liquid temperatures of 25, 40, and 80° C. Water and nitrogen are used as test liquid and gas, respectively. The heated section is a rectangular duct with 30 mm in width and 5 mm in height. The heated length is 100 mm divided into 10 segments in the flow direction by the structure of thermally insulated, which makes possible the evaluation of local heat transfer coefficients. The unexpected initiation of liquid film rupture at the upstream edge of heated section is observed under some combinations of heat fluxes and inlet liquid temperatures. In addition, the decrease in the width of dry area towards the downstream is observed with increasing interfacial temperature. The local heat transfer coefficient is increased towards the downstream because of the reduction of liquid film thickness by the enhanced interfacial shear stress exerted by the increased gas flow rate due to the evaporation, while it is decreased by the extension of dry area with increasing gas Reynolds number. A simple analysis for the interfacial force balance of the shear stresses in liquid and gas phases and the thermocapillary stress is performed to confirm the importance of thermocapillary force on the behaviors of liquid film. The variation of surface tension with temperature plays an important role in the liquid film behaviors and the corresponding heat transfer. 
461 |t Interfacial Phenomena and Heat Transfer 
463 |t Vol. 3, iss. 3  |v [P. 303-317]  |d 2015 
610 1 |a электронный ресурс 
610 1 |a труды учёных ТПУ 
610 1 |a сдвиги 
610 1 |a испарение 
610 1 |a теплообмен 
700 1 |a Hirokawa  |b T.  |g Tomoki 
701 1 |a Ohta  |b H.  |g Haruhiko 
701 1 |a Kabov  |b O. A.  |c specialist in the field of thermal engineering  |c Professor of Tomsk Polytechnic University, doctor of physical and mathematical Sciences  |f 1956-  |g Oleg Aleksandrovich  |3 (RuTPU)RU\TPU\pers\35151  |9 18418 
712 0 2 |a Национальный исследовательский Томский политехнический университет  |b Энергетический институт  |b Кафедра теоретической и промышленной теплотехники  |3 (RuTPU)RU\TPU\col\18679  |9 27132 
801 2 |a RU  |b 63413507  |c 20160630  |g RCR 
856 4 |u http://dx.doi.org/10.1615/InterfacPhenomHeatTransfer.2016015813 
942 |c CF